<?xml version="1.0" encoding="UTF-8"?>
<record
    xmlns:xsi="http://www.w3.org/2001/XMLSchema-instance"
    xsi:schemaLocation="http://www.loc.gov/MARC21/slim http://www.loc.gov/standards/marcxml/schema/MARC21slim.xsd"
    xmlns="http://www.loc.gov/MARC21/slim">

  <leader>03419nam a2200241 i 4500</leader>
  <controlfield tag="001">Rebiun36391852</controlfield>
  <controlfield tag="008">230227s2022    sp a          000 0 spa d</controlfield>
  <datafield tag="020" ind1=" " ind2=" ">
    <subfield code="a">9788425359477</subfield>
  </datafield>
  <datafield tag="040" ind1=" " ind2=" ">
    <subfield code="c">tbs</subfield>
  </datafield>
  <datafield tag="041" ind1=" " ind2=" ">
    <subfield code="a">spa</subfield>
  </datafield>
  <datafield tag="050" ind1=" " ind2=" ">
    <subfield code="a">QP376 </subfield>
    <subfield code="b">.V39 2021</subfield>
  </datafield>
  <datafield tag="100" ind1=" " ind2=" ">
    <subfield code="a">V&#xE1;zquez, Marcos</subfield>
    <subfield code="d">1976-</subfield>
    <subfield code="9">24762</subfield>
    <subfield code="e">author</subfield>
  </datafield>
  <datafield tag="245" ind1="1" ind2="3">
    <subfield code="a">Saludable mente </subfield>
    <subfield code="b">: h&#xE1;bitos para optimizar tu cerebro y mejorar tu salud a cualquier edad</subfield>
    <subfield code="c">/ Marcos V&#xE1;zquez.</subfield>
  </datafield>
  <datafield tag="260" ind1=" " ind2=" ">
    <subfield code="a">Barcelona : </subfield>
    <subfield code="b">Grijalbo, </subfield>
    <subfield code="c">2022</subfield>
  </datafield>
  <datafield tag="300" ind1=" " ind2=" ">
    <subfield code="a">329 pages : </subfield>
    <subfield code="b">illustrations ; </subfield>
    <subfield code="c">22 cm</subfield>
  </datafield>
  <datafield tag="520" ind1=" " ind2=" ">
    <subfield code="a">El cerebro es lo que te hace ser t&#xFA; mismo, y es mucho m&#xE1;s moldeable de lo que piensas: lo esculpes con cada una de tus acciones. Adem&#xE1;s, investigaciones recientes afirman que no solo tiene la capacidad de cambiar, sino que lo hace constantemente. Cada experiencia vital moldea detalles microsc&#xF3;picos de tu esencia neuronal. Lo que haces altera lo que eres. El objetivo de este libro es ayudarte a entender mejor su funcionamiento, pero sobre todo, ense&#xF1;arte a mejorarlo. Cuidar de tu cerebro no solo te ayudar&#xE1; a prevenir trastornos como la demencia, el alz&#xE9;imer o el p&#xE1;rkinson, sin&#xF3; tambi&#xE9;n a rendir mejor en tu d&#xED;a a d&#xED;a. La salud del cerebro depende de la del resto del cuerpo, y no podemos optimizar su funcionamiento sin entender antes c&#xF3;mo influyen en &#xE9;l la dieta, la actividad f&#xED;sica o el estr&#xE9;s ni considerar la estrecha relaci&#xF3;n entre nuestra microbiota y nuestro estado de &#xE1;nimo as&#xED; como el impacto del contacto social en nuestra salud mental. Las recomendaciones de Marcos V&#xE1;zquez te ayudar&#xE1;n a mejorar tu capacidad de aprender y recordar, a aumentar tu resistencia ante la enfermedad mental, a entender c&#xF3;mo potenciar la plasticidad cerebral y a mejorar tu reserva cognitiva. Posees en tu cabeza el objeto m&#xE1;s fascinante que jam&#xE1;s se ha descubierto. Es el momento de desvelar sus misterios y potenciarlo al m&#xE1;ximo. </subfield>
  </datafield>
  <datafield tag="520" ind1=" " ind2=" ">
    <subfield code="a">Your brain is what makes you you, and it&#x2019;s far more adaptable than you might think&#x2014;you sculpt it with every action you take. Recent research shows that not only does the brain have the ability to change, but it is constantly evolving. Every life experience shapes the microscopic details of your neural essence. What you do transforms who you are.

The goal of this book is to help you better understand how your brain works&#x2014;but more importantly, to teach you how to improve it. Taking care of your brain doesn&#x2019;t just help prevent disorders like dementia, Alzheimer&#x2019;s, and Parkinson&#x2019;s, it also enhances your daily performance in all aspects of life.

Brain health is deeply connected to overall physical health. To optimize its function, we must first understand the impact of diet, physical activity, and stress, as well as the crucial link between our gut microbiota and mood and the profound effect of social interaction on mental well-being.

With Marcos V&#xE1;zquez&#x2019;s expert recommendations, you will learn how to enhance your learning and memory, strengthen your resilience against mental disorders, boost brain plasticity, and improve your cognitive reserve.

Inside your head, you hold the most fascinating object ever discovered. Now is the time to unlock its secrets and unleash its full potential.</subfield>
  </datafield>
  <datafield tag="650" ind1=" " ind2="0">
    <subfield code="a">Brain</subfield>
    <subfield code="x">Care and hygiene</subfield>
    <subfield code="9">24763</subfield>
  </datafield>
  <datafield tag="650" ind1=" " ind2="0">
    <subfield code="a">Mental health</subfield>
    <subfield code="9">12874</subfield>
  </datafield>
  <datafield tag="650" ind1=" " ind2="0">
    <subfield code="a">Brain </subfield>
    <subfield code="x">Physiology</subfield>
    <subfield code="9">11754</subfield>
  </datafield>
  <datafield tag="650" ind1=" " ind2="0">
    <subfield code="a">Self-improvement</subfield>
    <subfield code="9">22769</subfield>
  </datafield>
  <datafield tag="942" ind1=" " ind2=" ">
    <subfield code="2">lcc</subfield>
  </datafield>
  <datafield tag="952" ind1=" " ind2=" ">
    <subfield code="0">0</subfield>
    <subfield code="1">0</subfield>
    <subfield code="2">lcc</subfield>
    <subfield code="4">0</subfield>
    <subfield code="7">0</subfield>
    <subfield code="a">TBS</subfield>
    <subfield code="b">TBS</subfield>
    <subfield code="d">2025-02-17</subfield>
    <subfield code="l">0</subfield>
    <subfield code="o">QP376 VAZ</subfield>
    <subfield code="p">B05944</subfield>
    <subfield code="r">2025-02-17</subfield>
    <subfield code="t">1</subfield>
    <subfield code="w">2025-02-17</subfield>
    <subfield code="y">1</subfield>
    <subfield code="z">WELL COLLECTION</subfield>
  </datafield>
  <datafield tag="999" ind1=" " ind2=" ">
    <subfield code="c">4503</subfield>
    <subfield code="d">4503</subfield>
  </datafield>
</record>
